[Event "1st HDBank Cup"]
[Site "Ho Chi Minh City VIE"]
[Date "2011.01.04"]
[Round "2.16"]
[White "Dao Thien Hai"]
[Black "Pham Le Thao Nguyen"]
[Result "1-0"]
[WhiteElo "2512"]
[BlackElo "2343"]

1.d4 d5 2.c4 c6 3.Nf3 Nf6 4.Nc3 a6 5.c5 Bf5 6.Bf4 Nbd7 7.h3 h6 8.e3 e6 9.Be2 Be7
10.O-O O-O 11.Nd2 Re8 12.b4 Bf8 13.Nb3 e5 14.Bg3 Ne4 15.Nxe4 Bxe4 16.Rc1 Bg6
17.Re1 exd4 18.exd4 Nf6 19.Be5 Be7 20.Bd3 Bxd3 21.Qxd3 Qd7 22.a4 Ne4 23.f3 Nf6
24.Rb1 Nh5 25.g4 Nf6 26.Kg2 Nh7 27.Qf5 Qd8 28.Bg3 Nf8 29.Na5 Ra7 30.Re2 Bf6
31.Rxe8 Qxe8 32.Re1 Ne6 33.Nb3 Qd7 34.f4 Qd8 35.Qd3 Ra8 36.f5 Ng5 37.Nd2 b6
38.h4 Ne4 39.Nxe4 dxe4 40.Rxe4 bxc5 41.bxc5 Qd5 42.Kh3 h5 43.Qe3 hxg4+ 44.Kxg4 Qa2
45.Kh3 Kh7 46.Qf3 Qd5 47.Be5 Re8 48.Re3 Qd7 49.Kg2 Bxe5 50.dxe5 Rd8 51.e6 fxe6
52.fxe6 Qe8 53.Qf5+ Kg8 54.e7 Rd2+ 55.Kh3 Rd5 56.Qe6+ Kh7 57.Rf3 Rd7 58.Qf5+ Kh6
59.Qg5+ Kh7 60.Rf8  1-0

[Event "Rilton Cup 2010-11"]
[Site "Stockholm SWE"]
[Date "2011.01.05"]
[Round "9"]
[White "Macieja,B"]
[Black "Volkov,Sergey1"]
[Result "0-1"]
[WhiteElo "2636"]
[BlackElo "2594"]

1.d4 d5 2.Nf3 Nf6 3.c4 c6 4.Nc3 a6 5.e3 b5 6.b3 Bg4 7.h3 Bxf3 8.Qxf3 e6 9.Bd3 Be7
10.O-O O-O 11.Rd1 Re8 12.Bb2 Qb6 13.c5 Qb7 14.g4 g6 15.Qg2 Bf8 16.f4 a5 17.Ne2 b4
18.Ng3 Bg7 19.a3 Na6 20.axb4 Nxb4 21.Bf1 Nd7 22.Rdb1 e5 23.fxe5 f6 24.exf6 Nxf6
25.Re1 Qc7 26.Bc3 Nc2 27.Qxc2 Qxg3+ 28.Bg2 Rxe3 29.Rxe3 Qxe3+ 30.Kh2 Bh6
31.Rf1 Bf4+ 32.Kh1 Qg3 33.Kg1 Qh2+ 34.Kf2 Ne4+ 35.Ke1 Nxc3 36.Qxc3 Bg3+ 37.Kd1 Qxg2
38.Qf3 Qxf3+ 39.Rxf3 Bh4 40.Re3 Bf2  0-1

[Event "1st HDBank Cup"]
[Site "Ho Chi Minh City VIE"]
[Date "2011.01.07"]
[Round "7.7"]
[White "Laylo,D"]
[Black "Nguyen Duc Hoa"]
[Result "0-1"]
[WhiteElo "2516"]
[BlackElo "2446"]

1.d4 d5 2.c4 c6 3.Nf3 Nf6 4.Nc3 a6 5.a4 e6 6.Bg5 h6 7.Bxf6 Qxf6 8.e3 Nd7
9.Bd3 Bb4 10.O-O O-O 11.e4 dxc4 12.e5 Qe7 13.Bxc4 b6 14.Qe2 Bb7 15.Rfd1 Rfd8
16.Na2 a5 17.Rd3 Nf8 18.Rad1 Ng6 19.g3 Qc7 20.Nc3 Rd7 21.Nh4 Nxh4 22.gxh4 Bxc3
23.bxc3 c5 24.d5 exd5 25.Bxd5 Rxd5 26.Rxd5 Bxd5 27.Rxd5 Re8 28.f4 Qc6 29.Qd1 Qg6+
30.Kf2 Qe4 31.Kg3 Qc4 32.Rd3 b5 33.axb5 Qxb5 34.Rd8 a4 35.c4 Qc6 36.h5 Qe6
37.Rd5 Ra8 38.Qd3 Qb6 39.Rd6 Qb8 40.Qd5 a3 41.Rd7 Qb3+ 42.Kh4 Rf8 43.e6 fxe6
44.Qxe6+ Kh8 45.Rf7 Rxf7 46.Qxf7 Qb8 47.Qd5 a2 48.Qd1 Qxf4+ 49.Kh3 Qd4 50.Qa4 Qe3+
51.Kg4 Qe2+ 52.Kf5 Qf1+  0-1

[Event "10th Praha Open A"]
[Site "Prague CZE"]
[Date "2011.01.07"]
[Round "1"]
[White "Aguettaz,M"]
[Black "Hobber,A"]
[Result "1/2-1/2"]
[WhiteElo "2414"]
[BlackElo "2156"]

1.Nf3 d5 2.d4 Nf6 3.c4 c6 4.Nc3 a6 5.cxd5 cxd5 6.Bf4 Nc6 7.e3 e6 8.Bd3 Bd6
9.Bxd6 Qxd6 10.O-O O-O 11.Rc1 Bd7 12.Bb1 b5 13.Ne2 Na5 14.b3 Rfc8 15.Nf4 b4
16.Ne5 Rxc1 17.Qxc1 Nb7 18.Qd2 Rc8 19.h3 a5 20.Rc1 Rc7 21.f3 Bb5 22.h4 Ne8
23.Kf2 Qd8 24.g3 Qc8 25.Rxc7 Qxc7 26.g4 Ned6 27.h5 f6 28.Ned3 Bd7 29.Ne1 Nf7
30.Qd3 Ng5 31.Qa6 Bc8 32.Qd3 Nd6 33.h6 gxh6 34.Neg2 Bd7 35.Qc2 Qxc2+  1/2-1/2

[Event "XX Keres Mem Rapid Prelim"]
[Site "Tallinn EST"]
[Date "2011.01.07"]
[Round "2"]
[White "Rauk,T"]
[Black "Burmakin,V"]
[Result "0-1"]
[WhiteElo "2203"]
[BlackElo "2603"]

1.d4 c6 2.c4 d5 3.Nf3 Nf6 4.Nc3 a6 5.e3 b5 6.b3 Bf5 7.Bd3 Bxd3 8.Qxd3 e6
9.O-O Nbd7 10.Bb2 Bd6 11.Nd2 Qb8 12.h3 bxc4 13.Qc2 cxb3 14.Nxb3 O-O 15.Rab1 Rc8
16.e4 dxe4 17.Nxe4 Nxe4 18.Qxe4 Nf6 19.Qf3 Qb5 20.Nc5 Qc4 21.a3 Qd5 22.Qe3 Rcb8
23.Bc3 Qc4 24.Bd2 Nd5 25.Qe4 Bxc5 26.Rxb8+ Rxb8 27.Rc1 Qxd4  0-1

[Event "9th Parsvnath Open"]
[Site "New Delhi IND"]
[Date "2011.01.08"]
[Round "1"]
[White "Praveen Kumar,C1"]
[Black "Postny,E"]
[Result "0-1"]
[WhiteElo "2362"]
[BlackElo "2592"]

1.d4 d5 2.c4 c6 3.Nf3 Nf6 4.Nc3 a6 5.c5 g6 6.Bf4 Nh5 7.Bd2 Bg7 8.e3 O-O 9.Be2 Bg4
10.O-O Nd7 11.Rc1 Nhf6 12.b4 Bxf3 13.Bxf3 e5 14.Qb3 Ne8 15.dxe5 Nxe5 16.Be2 Nc7
17.Na4 Qh4 18.f4 Nd7 19.Nb6 Rad8 20.Nxd7 Rxd7 21.a4 Qe7 22.b5 axb5 23.axb5 Ne6
24.bxc6 bxc6 25.Qb6 Rb7 26.Qa5 Rfb8 27.Qa4 Rb2 28.Qd1 Nxc5  0-1

[Event "10th Praha Open A"]
[Site "Prague CZE"]
[Date "2011.01.08"]
[Round "2"]
[White "Omelja,A"]
[Black "Jirka,J"]
[Result "1-0"]
[WhiteElo "2264"]
[BlackElo "2424"]

1.d4 d5 2.c4 c6 3.Nf3 Nf6 4.Nc3 a6 5.c5 g6 6.h3 Bg7 7.Bf4 O-O 8.e3 Nbd7 9.Be2 Ne8
10.O-O Nc7 11.Na4 f6 12.Bg3 e5 13.dxe5 fxe5 14.e4 d4 15.Bc4+ Kh8 16.Ne1 Qe7
17.Nd3 Ne6 18.Bxe6 Qxe6 19.b3 Qe7 20.Qd2 Re8 21.Rae1 g5 22.Qd1 Rb8 23.Qh5 Bf6
24.Nab2 Nf8 25.Nc4 Ng6 26.Nd6 Rf8 27.Nf5 Qd8 28.h4 Nf4 29.Bxf4 gxf4 30.g4 Bxf5
31.exf5 Qd5 32.f3 Rg8 33.Kf2 b6 34.g5 Bg7 35.f6 Bf8 36.Rxe5 Qd7 37.Qg4 Qxg4
38.fxg4 Bxc5 39.Nxc5 bxc5 40.Rxc5 Rge8 41.Rd1 Rbd8 42.Rxc6 d3 43.f7 Re2+
44.Kf3 Rxa2 45.Re6 Rf8 46.Re8 Kg7 47.Rxf8 Kxf8 48.Rxd3 a5 49.h5 Kxf7 50.Rd7+ Kg8
51.h6 a4 52.bxa4 Ra3+ 53.Kxf4 Rxa4+ 54.Kg3 Ra8 55.Kh4 Rb8 56.Kh5 Ra8 57.g6 Ra5+
58.g5 hxg6+ 59.Kxg6 Ra6+ 60.Kh5  1-0

[Event "1st HDBank Cup"]
[Site "Ho Chi Minh City VIE"]
[Date "2011.01.09"]
[Round "9.3"]
[White "Wen Yang"]
[Black "Nguyen Duc Hoa"]
[Result "1-0"]
[WhiteElo "2509"]
[BlackElo "2446"]

1.d4 d5 2.c4 c6 3.Nf3 Nf6 4.Nc3 a6 5.e3 b5 6.c5 Nbd7 7.a3 a5 8.Bd2 g6 9.b4 axb4
10.axb4 Rxa1 11.Qxa1 Bg7 12.Qa8 Qc7 13.Bxb5 cxb5 14.Nxb5 Qb8 15.Qxb8 Nxb8
16.Na7 Kd7 17.b5 Kc7 18.Ke2 Ne4 19.Bb4 Bf6 20.Ra1 Kb7 21.c6+ Kb6 22.Nd2 Nxc6
23.bxc6 Ba6+ 24.Ke1 Bd3 25.Nxe4 dxe4 26.Ba5+ Kxa7 27.Bd8+ Ba6 28.c7 Kb7 29.Rxa6 e6
30.Ra8  1-0

[Event "TCh-SWE Elitserien 2010-11"]
[Site "Sweden SWE"]
[Date "2011.01.15"]
[Round "6"]
[White "Penalver,O"]
[Black "Krantz,C"]
[Result "0-1"]
[WhiteElo "2264"]
[BlackElo "2190"]

1.d4 d5 2.c4 c6 3.Nf3 Nf6 4.Nc3 a6 5.c5 Bf5 6.e3 Nbd7 7.Nh4 Bg6 8.Be2 e6
9.Bd2 Be7 10.b4 Ne4 11.Nxg6 Nxc3 12.Bxc3 hxg6 13.Bd3 Qc7 14.f4 Bh4+ 15.Kf1 g5
16.Qf3 gxf4 17.exf4 Bf6 18.g3 a5 19.a3 axb4 20.axb4 Rxa1+ 21.Bxa1 Qb8 22.Kg2 Qa7
23.Qe2 Qa3 24.f5 Kd8 25.fxe6 Re8 26.Qc2 Rxe6 27.Bc3 Qa7 28.Ra1 Qb8 29.Qd2 Ke8
30.Bf5 Re7 31.Qf2 Nf8 32.b5 Ne6 33.Qb2 Qc8 34.bxc6 bxc6 35.Qb6 g6 36.Bh3 Kf8
37.Kh1 Qe8 38.Qb2 Ng5 39.Bg2 Re2 40.Qc1 Rxg2 41.Kxg2 Qe2+  0-1

[Event "3rd Chennai Open"]
[Site "Chennai IND"]
[Date "2011.01.18"]
[Round "1"]
[White "Maheswaran,P"]
[Black "Bykhovsky,Av"]
[Result "1/2-1/2"]
[WhiteElo "2278"]
[BlackElo "2428"]

1.Nf3 d5 2.d4 c6 3.c4 Nf6 4.Nc3 a6 5.c5 g6 6.Bf4 Nh5 7.Be5 f6 8.Bg3 Nxg3
9.hxg3 Bg7 10.e4 dxe4 11.Nxe4 Be6 12.Bd3 Nd7 13.Qe2 Nf8 14.Nc3 Bf7 15.O-O-O Ne6
16.Bc4 Nc7 17.Bxf7+ Kxf7 18.Rhe1 e6 19.Ne4 Bf8 20.g4 Be7 21.Kb1 Rb8 22.Nfd2 f5
23.Nd6+ Bxd6 24.cxd6 Qxd6 25.Nc4 Qd5 26.gxf5 Qxf5+ 27.Rd3 Kg7 28.g4 Qd5 29.Ne3 Qg5
30.Nf5+ gxf5 31.Qe5+ Kf7 32.Qxc7+ Qe7 33.Qxe7+ Kxe7 34.gxf5 Rbf8 35.fxe6 Rxf2
36.d5 cxd5 37.Rxd5 Rd8 38.Rxd8 Kxd8 39.Rh1 Rf6 40.Rxh7 Rxe6 41.Rxb7 Kc8 42.Rh7 Kb8
43.a3 Re3 44.Kc2  1/2-1/2

[Event "TCh-NOR Attack-serien 2010-11"]
[Site "Oslo NOR"]
[Date "2011.01.22"]
[Round "5"]
[White "Elsness,F"]
[Black "Christenson,F"]
[Result "1-0"]
[WhiteElo "2484"]
[BlackElo "2271"]

1.d4 d5 2.c4 c6 3.Nf3 Nf6 4.Nc3 a6 5.e3 b5 6.c5 Bg4 7.Qb3 Bxf3 8.gxf3 e5
9.a4 Nbd7 10.Qa3 Rb8 11.axb5 axb5 12.Qa6 Qc7 13.Bd2 exd4 14.exd4 Be7 15.Bh3 O-O
16.O-O Rfe8 17.Qa5 Bd8 18.Qxc7 Bxc7 19.Ra7 Rbc8 20.Bg5 Nf8 21.Bxc8 Rxc8 22.Bxf6 gxf6
23.Rfa1 Ne6 24.Ne2 Bb8 25.Rb7 Nd8 26.Rb6 Bc7 27.Rba6 Bb8 28.Kg2 Ne6 29.Rb6 Nf4+
30.Nxf4 Bxf4 31.Raa6 Bc1 32.Rxc6 Rxc6 33.Rxc6 Bxb2 34.Rd6 Bxd4 35.Rxd5 Be5
36.Rxe5  1-0

[Event "TCh-NOR Attack-serien 2010-11"]
[Site "Oslo NOR"]
[Date "2011.01.23"]
[Round "6"]
[White "Johansen,St"]
[Black "Hobber,A"]
[Result "1/2-1/2"]
[WhiteElo "1919"]
[BlackElo "2196"]

1.d4 d5 2.c4 c6 3.Nc3 Nf6 4.Nf3 a6 5.b3 Bf5 6.e3 e6 7.Be2 Bd6 8.Ne5 Nbd7
9.f4 Ne4 10.Nxe4 Bxe4 11.O-O O-O 12.Bb2 f6 13.Nxd7 Qxd7 14.c5 Bc7 15.a4 a5
16.Bd3 Rfe8 17.Bxe4 dxe4 18.Qc2 Qd5 19.Qc4 Qh5 20.g3 Kh8 21.Bc3 Qh3 22.Rf2 h5
23.Qf1 Qf5 24.Rb2 b6 25.b4 axb4 26.Bxb4 Reb8 27.Qe2 b5 28.Rba2 bxa4 29.Rxa4 Rxa4
30.Rxa4 Qd5 31.Bc3 Kg8 32.Ra7 Bd8  1/2-1/2

[Event "Belgrade Individual 2011"]
[Site "Belgrade SRB"]
[Date "2011.01.28"]
[Round "7.20"]
[White "Stosic,S"]
[Black "Zivkovic,Sava"]
[Result "0-1"]
[WhiteElo "2153"]
[BlackElo "2311"]

1.d4 d5 2.Nf3 Nf6 3.c4 c6 4.Nc3 a6 5.Bf4 dxc4 6.a4 Nd5 7.e3 Nxf4 8.exf4 Be6
9.a5 Bd5 10.Ne5 e6 11.Nxc4 Nd7 12.Ne3 Qf6 13.Nexd5 cxd5 14.g3 Rc8 15.Ra4 Bd6
16.h4 O-O 17.Bh3 Rc7 18.O-O Rfc8 19.Re1 g6 20.Qb3 Rb8 21.Qa2 Rd8 22.Qb3 Nb8
23.Bg2 Nc6 24.Qb6 Ne7 25.Re2 Rdd7 26.Rd2 Rc6 27.Qa7 h5 28.Bh3 Kg7 29.Re2 Nf5
30.Bxf5 Qxf5 31.Kg2 Qd3 32.Re3 Qc2 33.Re2 Qb3 34.Ra1 Rd8 35.Na4 Bb8 36.Nc5 Qb5
37.Qa8 Qxe2 38.Qxb7 Qb5 39.Qe7 Rf8 40.Nd7 Rcc8 41.Nxf8 Rxf8 42.b4 Qc4 43.Re1 Qc6
44.Qc5 Qxc5 45.dxc5 Bc7 46.Rd1 Rb8 47.Rd4 Bd8 48.c6 Bf6 49.b5 Bxd4 50.c7 Ba7
51.cxb8=Q Bxb8 52.b6 Kf6 53.Kf3 Ke7 54.Ke3 Kd6 55.Kd4 f6 56.f3 e5+ 57.fxe5+ fxe5+  0-1

[Event "TCh-HUN 2010-11"]
[Site "Szombathely HUN"]
[Date "2011.01.30"]
[Round "5"]
[White "Kovacs,Ga2"]
[Black "Farago,S"]
[Result "1-0"]
[WhiteElo "2493"]
[BlackElo "2272"]

1.d4 d5 2.c4 c6 3.Nc3 Nf6 4.Nf3 a6 5.a4 Bf5 6.Qb3 Ra7 7.Bg5 e6 8.Bxf6 gxf6
9.e3 Qa5 10.Be2 Qb4 11.Qa2 Bc2 12.Nd2 Nd7 13.O-O Bg6 14.Rfc1 Ra8 15.b3 Bh6
16.Qb2 O-O 17.Nf3 Rfe8 18.Rd1 f5 19.Ne1 f6 20.g3 Bf7 21.c5 Qa5 22.b4 Qc7
23.b5 e5 24.f4 Nf8 25.Qc2 Qd7 26.bxa6 bxa6 27.a5 Ng6 28.Ng2 Ne7 29.Rdb1 Nc8
30.Rb2 Ra7 31.Qb1 exd4 32.exd4 Bf8 33.Bd3 Re4 34.Ra4 Ne7 35.Rb8 Ng6 36.Qb6 Kg7
37.Rb4 Qe7 38.Bxe4 dxe4 39.Ne3 Be6 40.Qxc6 Qf7 41.R4b7 Rxb7 42.Rxb7 Ne7 43.Qxa6 Bc8
44.Qb5 Bxb7 45.Qxb7 Qh5 46.Qb5 Kh6 47.a6 Qf3 48.Qe2 Qxe2 49.Nxe2 Nc8 50.Nc3 Na7
51.Nxf5+ Kg6 52.g4 h5 53.h3 hxg4 54.hxg4 Nc6 55.Nxe4 Kf7 56.d5  1-0

[Event "16th HIT Open"]
[Site "Nova Gorica SLO"]
[Date "2011.02.01"]
[Round "7"]
[White "Milazzo,M"]
[Black "Desogus,Gianluigi"]
[Result "1/2-1/2"]
[WhiteElo "2081"]
[BlackElo "1802"]

1.c4 Nf6 2.Nc3 c6 3.Nf3 d5 4.d4 a6 5.g3 b5 6.cxd5 cxd5 7.Bg2 Bb7 8.O-O Nbd7
9.Bf4 e6 10.Rc1 Be7 11.Ne5 O-O 12.Qd3 Nxe5 13.Bxe5 Nd7 14.Bc7 Qe8 15.e4 b4
16.Ne2 dxe4 17.Bxe4 Bxe4 18.Qxe4 Nf6 19.Qd3 Nd5 20.Be5 Qd7 21.Rfe1 Rfd8  1/2-1/2

[Event "ch-TUR"]
[Site "Kemer-Antalya TUR"]
[Date "2011.02.05"]
[Round "1"]
[White "Ertan,Oktay"]
[Black "Ozkan,E"]
[Result "0-1"]
[WhiteElo "1941"]
[BlackElo "2213"]

1.d4 d5 2.c4 c6 3.Nf3 Nf6 4.Nc3 a6 5.c5 Nbd7 6.Bf4 Nh5 7.e3 g6 8.h3 Nxf4
9.exf4 Bg7 10.b4 O-O 11.Bd3 Qc7 12.Qd2 f6 13.f5 gxf5 14.Bxf5 e5 15.O-O Re8
16.Ne2 Nf8 17.Bxc8 Raxc8 18.Rac1 Ng6 19.Rfe1 e4 20.Nh2 f5 21.Qg5 Qf7 22.Rcd1 Re6
23.f4 Ne7 24.Nf1 Kh8 25.Ne3 Rg8 26.Qh4 Rh6 27.Qf2 Bf6 28.Kh2 Qh5 29.Qf1 Rhg6
30.g3 Qf3 31.Ng2 Rxg3 32.Nxg3 Qxg3+ 33.Kg1 Qxh3 34.Re2 Bh4 35.Rb1 Bg3 36.Ne3 Bf2+
37.Kxf2 Qg3+  0-1

[Event "1st Open"]
[Site "Cento ITA"]
[Date "2011.02.06"]
[Round "2"]
[White "Lekic,Du"]
[Black "Lagrotteria,S"]
[Result "1/2-1/2"]
[WhiteElo "2389"]
[BlackElo "2183"]

1.d4 d5 2.c4 c6 3.Nc3 Nf6 4.Nf3 a6 5.e3 b5 6.b3 Bg4 7.h3 Bxf3 8.Qxf3 e6 9.Bd3 Be7
10.O-O O-O 11.a3 bxc4 12.bxc4 Nbd7 13.Bd2 Qb6 14.c5 Qc7 15.e4 dxe4 16.Nxe4 e5
17.Bc3 Nd5 18.dxe5 Nxc3 19.Nxc3 Nxe5 20.Qe4 Nxd3 21.Qxd3 Bxc5 22.Qc4 Bd6
23.Ne4 Be7 24.Rfd1 a5 25.Rd3 Rad8 26.Rc3 Qe5  1/2-1/2

[Event "1st Open"]
[Site "Cento ITA"]
[Date "2011.02.07"]
[Round "3"]
[White "Sokolov,Ivan"]
[Black "Simonian,H"]
[Result "1-0"]
[WhiteElo "2657"]
[BlackElo "2475"]

1.d4 d5 2.c4 c6 3.Nf3 Nf6 4.Nc3 a6 5.b3 b5 6.g3 Bf5 7.Bg2 Ne4 8.Bd2 Nxc3
9.Bxc3 Be4 10.Qd2 e6 11.Ba5 Qd6 12.O-O Nd7 13.cxd5 Qxd5 14.Nh4 Bxg2 15.Nxg2 c5
16.Rad1 cxd4 17.Nf4 Qe4 18.Qxd4 Qxd4 19.Rxd4 Bc5 20.Rd2 Nf6 21.Nd3 Bd6 22.Rc1 O-O
23.Rc6 Be7 24.Rdc2 h6 25.f3 Rfb8 26.e4 Bd8 27.Bd2 Bb6+ 28.Kf1 Kh7 29.Ke2 Kg8
30.g4 Nd7 31.h4 Bd8 32.Bf4 e5 33.Bxe5 Rb7 34.Rc8 Rxc8 35.Rxc8  1-0

[Event "ch-TUR"]
[Site "Kemer-Antalya TUR"]
[Date "2011.02.08"]
[Round "5"]
[White "Sipahioglu,I"]
[Black "Celik,Bugra"]
[Result "1-0"]
[WhiteElo "2100"]
[BlackElo "1742"]

1.d4 d5 2.c4 c6 3.Nc3 Nf6 4.Nf3 a6 5.cxd5 cxd5 6.Bf4 Bf5 7.Qb3 b5 8.a4 Qa5
9.Bd2 b4 10.Na2 Nc6 11.Nxb4 Qb6 12.a5 Qb7 13.Qa4 Bd7 14.Nxc6 Bxc6 15.Qb4 Bb5
16.Qa3 Rb8 17.Ne5 Ne4 18.Bb4 f6 19.Nf3 Bc4 20.Bc3 Bb3 21.Rc1 Nxc3 22.bxc3 e5
23.Qa1 Bd6 24.e3 Qc6 25.Nd2 O-O 26.Bd3 e4 27.Be2 f5 28.g3 Bc4 29.Nxc4 dxc4
30.Qa2 Rb3 31.Kd2 Rc8 32.Ra1 Kh8 33.Rhb1 Qd5 34.Qa4 Qb7 35.Rxb3 cxb3 36.Rb1 b2
37.Kc2 Qb4 38.Qxb4 Bxb4 39.c4 Bxa5 40.Rxb2 Be1 41.Rb1 Bxf2 42.Kd2 f4 43.gxf4 a5
44.Rf1 Bh4 45.Ra1 Bd8 46.c5 Rb8 47.Bd1 g5 48.fxg5 Bxg5 49.Rxa5 Rb2+ 50.Bc2 Bxe3+
51.Kxe3 Rxc2 52.Kxe4 Kg7 53.Ra7+ Kg6 54.h3 h5 55.Ra3 Kf7 56.Kd5 Rg2 57.Rf3+ Ke7
58.Rf5 h4 59.Rh5 Rg3 60.Rh7+ Kd8 61.Rxh4 Rg5+ 62.Kc6 Rg6+ 63.Kb5 Kd7 64.d5 Rg1
65.Rh7+ Kc8 66.Kc6  1-0

[Event "ch-TUR"]
[Site "Kemer-Antalya TUR"]
[Date "2011.02.09"]
[Round "6.2"]
[White "Esen,B"]
[Black "Ozkan,E"]
[Result "1-0"]
[WhiteElo "2533"]
[BlackElo "2213"]

1.d4 d5 2.c4 c6 3.Nf3 Nf6 4.Nc3 a6 5.a4 e6 6.Bf4 a5 7.e3 Be7 8.Be2 O-O 9.O-O Nbd7
10.h3 b6 11.Qb3 Ba6 12.Rfd1 Qc8 13.Rac1 Qb7 14.Bd3 Rac8 15.Ne5 Nxe5 16.Bxe5 Rfd8
17.cxd5 Bxd3 18.d6 Bxd6 19.Bxf6 gxf6 20.Rxd3 c5 21.Qd1 cxd4 22.Rxd4 Be7 23.Qg4+ Kh8
24.Rcd1 Rxd4 25.Rxd4 f5 26.Qd1 Bf6 27.Rd7 Qa8 28.Rxf7 Rg8 29.g3 Rf8 30.Rc7 Be5
31.Re7 Re8 32.Rd7 Qc6 33.Ra7 Ra8 34.Rxa8+ Qxa8 35.Qd7 Qg8 36.Kf1 Bg7 37.Qc7 h6
38.Qxb6 Qa8 39.Kg1 e5 40.b4 axb4 41.Qxb4 f4 42.Qe4 Qc8 43.Ne2 Qd7 44.exf4 Qxh3
45.fxe5  1-0

[Event "1st Open"]
[Site "Cento ITA"]
[Date "2011.02.10"]
[Round "6"]
[White "Lekic,Du"]
[Black "Dvirnyy,D"]
[Result "1/2-1/2"]
[WhiteElo "2389"]
[BlackElo "2480"]

1.d4 d5 2.c4 c6 3.Nc3 Nf6 4.Nf3 a6 5.e3 g6 6.a4 Bg7 7.a5 O-O 8.Qb3 e6 9.Be2 Nbd7
10.O-O Qe7  1/2-1/2

[Event "75th ch-BUL Semi-Final"]
[Site "Plovdiv BUL"]
[Date "2011.02.10"]
[Round "5"]
[White "Nikolov,Sas"]
[Black "Asparuhov,P"]
[Result "1-0"]
[WhiteElo "2440"]
[BlackElo "2068"]

1.d4 d5 2.c4 c6 3.Nf3 Nf6 4.Nc3 a6 5.c5 g6 6.Bf4 Bg7 7.h3 Nbd7 8.e3 O-O 9.Be2 Re8
10.O-O h6 11.Bh2 Nh7 12.e4 dxe4 13.Nxe4 Ndf6 14.Nxf6+ Nxf6 15.Bc4 Nd5 16.Re1 Be6
17.Rxe6 fxe6 18.Qd3 Rf8 19.Qxg6 Rf6 20.Qe4 Qe8 21.Bd3 Qf8 22.Qh7+ Kf7 23.Bg6+ Rxg6
24.Ne5+ Ke8 25.Qxg6+ Kd8 26.Qxe6 Bxe5 27.Bxe5 Ke8 28.Re1 h5 29.f4 Qf7 30.f5 Rd8
31.Re4 Nb4 32.Bd6 Nd5 33.f6 Qxe6 34.Rxe6 Kf7 35.fxe7 Re8 36.Re5  1-0

[Event "1st Open"]
[Site "Cento ITA"]
[Date "2011.02.11"]
[Round "7"]
[White "Gromovs,S"]
[Black "Lagrotteria,S"]
[Result "1-0"]
[WhiteElo "2284"]
[BlackElo "2183"]

1.d4 d5 2.c4 c6 3.Nf3 Nf6 4.Nc3 a6 5.a4 e6 6.Bg5 h6 7.Bh4 Nbd7 8.e3 Qa5 9.Qc2 dxc4
10.Bxc4 b5 11.Bb3 b4 12.Ne4 Bb7 13.Nxf6+ gxf6 14.O-O Qh5 15.Bg3 Be7 16.Nd2 Rg8
17.e4 Qg6 18.f4 f5 19.Rae1 Kf8 20.Nc4 c5 21.d5 fxe4 22.dxe6 fxe6 23.f5 exf5
24.Ne3 c4 25.Qxc4 Bc5 26.Qxg8+ Qxg8 27.Rxf5+ Kg7 28.Bxg8 Rxg8 29.Bf2 Kg6
30.g4 Bc8 31.Nd5 Bxf2+ 32.Kxf2 Re8 33.Rc1 Ne5 34.Nf4+ Kh7 35.Rxe5  1-0

[Event "1st Open"]
[Site "Cento ITA"]
[Date "2011.02.12"]
[Round "8"]
[White "Yurenok,M"]
[Black "Lagrotteria,S"]
[Result "1-0"]
[WhiteElo "2092"]
[BlackElo "2183"]

1.d4 d5 2.c4 c6 3.Nf3 Nf6 4.Nc3 a6 5.a4 e6 6.Bg5 Be7 7.e3 a5 8.Be2 O-O 9.O-O Na6
10.Rc1 Nb4 11.b3 Nd7 12.Bxe7 Qxe7 13.Qd2 dxc4 14.bxc4 Rd8 15.Rfd1 f6 16.Ne4 b6
17.c5 Nxc5 18.Nxc5 bxc5 19.Rxc5 e5 20.Qc1 e4 21.Nd2 Kh8 22.Nb3 Ba6 23.Bxa6 Rxa6
24.Rxa5 Nd3 25.Qc3 Rb6 26.Nc5 Nb4 27.Rb1 Rdb8 28.Rxb4 Qd8 29.Rxb6 Qxb6 30.h3 Qb1+
31.Kh2 h6 32.Nd7 Rc8 33.Rc5 Rc7 34.Nf8 Qb8 35.Ng6+ Kh7 36.Nf4 g5 37.Rxc6 Rxc6
38.Qxc6 gxf4 39.Qxe4+ Kg7 40.Qxf4 Qa8 41.Qc7+ Kg6 42.a5 Kh5 43.Qg7 Qb8+ 44.Qg3  1-0

[Event "TCh-NED"]
[Site "Netherlands NED"]
[Date "2011.02.12"]
[Round "6.8"]
[White "Van de Griendt,JW"]
[Black "Van Wessel,R"]
[Result "0-1"]
[WhiteElo "2331"]
[BlackElo "2380"]

1.d4 d5 2.c4 c6 3.Nf3 Nf6 4.Nc3 a6 5.e3 b5 6.c5 g6 7.Ne5 Bg7 8.f4 Nfd7 9.Nd3 a5
10.a3 O-O 11.Be2 Na6 12.g4 Re8 13.h4 f6 14.Qb3 Rb8 15.h5 Nf8 16.hxg6 hxg6
17.Ne4 a4 18.Qa2 e5 19.Nd6 exd4 20.Nxe8 Qxe8 21.b4 axb3 22.Qxb3 Ne6 23.Qc2 Rb7
24.O-O Re7 25.Bf3 f5 26.Bb2 dxe3 27.Bxg7 Rxg7 28.g5 Rh7 29.Qc3 d4 30.Qb3 Kg7
31.Kg2 Rh4 32.Rh1 Nxf4+ 33.Nxf4 Rxf4 34.Rh3 Nxc5 35.Qc2 Ne6 36.Rg3 c5 37.a4 Rxf3
38.Kxf3 Bb7+ 39.Ke2 c4 40.Ke1 Qc6 41.Qh2 d3 42.Qh6+ Kf7 43.Qh7+ Ng7 44.Rxe3 Qc5
45.Qh3 Qd4 46.Rd1 bxa4 47.Kf1 a3 48.Rde1 Qf4+ 49.Kg1 Qxg5+ 50.Qg3 Qxg3+ 51.Rxg3 Be4
52.Kf2 c3 53.Ra1 f4 54.Rg4 Ne6 55.Ke1 Bf3  0-1

[Event "TCh-NED"]
[Site "Netherlands NED"]
[Date "2011.02.12"]
[Round "6.8"]
[White "Hovenga,A"]
[Black "Span,P"]
[Result "1/2-1/2"]
[WhiteElo "2176"]
[BlackElo "2316"]

1.d4 d5 2.c4 c6 3.Nf3 Nf6 4.Nc3 a6 5.c5 Nbd7 6.Bf4 Nh5 7.Qd2 Nxf4 8.Qxf4 e6
9.e4 Be7 10.Bd3 b6 11.b4 bxc5 12.bxc5 O-O 13.exd5 exd5 14.O-O Bf6 15.Ne2 Re8
16.Ng3 g6 17.Rfe1 Rxe1+ 18.Rxe1 Nf8 19.h3 Ne6 20.Qe3 Rb8 21.Ne5 Qc7 22.f4 Bxe5
23.fxe5 Qe7 24.Rf1 Qh4 25.Ne2 Rb4 26.a3 Rb3 27.Kh2 Qg5 28.Qf2 Qe7 29.Bc2 Rb2
30.Bd1 a5 31.Qe3 Ba6 32.Rf2 Bxe2 33.Rxe2 Rxe2 34.Bxe2 Qh4 35.Bg4 Nf8 36.g3 Qe7
37.h4 Qb7 38.e6 Qe7 39.exf7+ Qxf7 40.Kg2 Qf6 41.Qd2  1/2-1/2

[Event "ch-St Petersburg S/F 2011"]
[Site "St Petersburg RUS"]
[Date "2011.02.12"]
[Round "2.12"]
[White "Rozum,I"]
[Black "Khakimov,T"]
[Result "1-0"]
[WhiteElo "2470"]
[BlackElo "2289"]

1.d4 d5 2.Nf3 Nf6 3.c4 c6 4.Nc3 a6 5.c5 Nbd7 6.Bf4 Nh5 7.Qd2 Nxf4 8.Qxf4 g6
9.e4 Nf6 10.exd5 Nxd5 11.Nxd5 Qxd5 12.Ne5 f6 13.Nc4 Bf5 14.Nb6 Qe6+ 15.Qe3 Rd8
16.Bc4 Qe4 17.Qxe4 Bxe4 18.f3 Bc2 19.Rc1 Bf5 20.d5 Bh6 21.Rc3 cxd5 22.Nxd5 e6
23.Ne3 Bd3 24.Bxd3 Bxe3 25.Bxg6+ hxg6 26.Rxe3 e5 27.f4 Rd5 28.fxe5 fxe5 29.O-O Ke7
30.Rb3 Rb8 31.Rb6 Rxc5 32.Rxg6 Rc2 33.Rb6 Re2 34.h4 Re4 35.h5  1-0

[Event "75th ch-BUL Semi-Final"]
[Site "Plovdiv BUL"]
[Date "2011.02.13"]
[Round "9"]
[White "Kolev,H"]
[Black "Asparuhov,P"]
[Result "1/2-1/2"]
[WhiteElo "1775"]
[BlackElo "2068"]

1.d4 d5 2.c4 c6 3.Nf3 Nf6 4.Nc3 a6 5.cxd5 cxd5 6.Bf4 Nc6 7.e3 g6 8.Be2 Bg7
9.O-O Nh5 10.Be5 Nf6 11.Rc1 e6 12.h3 Nxe5 13.Nxe5 O-O 14.Na4 Ne4 15.Nc5 Nxc5
16.Rxc5 Bxe5 17.dxe5 Bd7 18.Qd4 Rc8 19.Rfc1 Rxc5 20.Qxc5 Qg5 21.Qd4 Rc8 22.Rxc8+ Bxc8
23.Qc5 Qd8 24.b4 Bd7 25.g3 Qc8 26.Qxc8+ Bxc8 27.f4 f6 28.g4 fxe5 29.fxe5 g5
30.Kf2 Bd7 31.Ke1 Bc6 32.Bf1 Kf8 33.Kd2 Ke7 34.Kc3 Kd7 35.Kd4 Kc7 36.Bd3 h6
37.b5 axb5 38.Kc5 Be8 39.Bxb5 Bg6 40.Bf1 Be4 41.a4 b6+ 42.Kb4 Bf3 43.Kb5 Be4
44.Kb4  1/2-1/2

[Event "ch-POL"]
[Site "Warsaw POL"]
[Date "2011.02.14"]
[Round "3"]
[White "Macieja,B"]
[Black "Jaracz,P"]
[Result "0-1"]
[WhiteElo "2636"]
[BlackElo "2543"]

1.Nf3 Nf6 2.c4 c6 3.d4 d5 4.Nc3 a6 5.c5 Bf5 6.Bf4 Nbd7 7.e3 g6 8.Qb3 Ra7
9.Ne5 Bg7 10.Be2 O-O 11.O-O Nxe5 12.Bxe5 Nd7 13.Bxg7 Kxg7 14.g4 Be6 15.f4 Nf6
16.h3 h5 17.g5 Nd7 18.h4 b6 19.cxb6 Nxb6 20.Rfc1 Bg4 21.Bf1 Ra8 22.Nd1 Rb8
23.Nf2 Nc4 24.Qc3 Nd6 25.Bd3 Rb6 26.Qa5 Qb8 27.b3 Bf5 28.Be2 Ne4 29.Nxe4 Bxe4
30.Rc5 f6 31.Rac1 fxg5 32.hxg5 Rxf4 33.exf4 Qxf4 34.Qe1 Qxg5+ 35.Kh2 Qg2+  0-1

[Event "ch-POL"]
[Site "Warsaw POL"]
[Date "2011.02.20"]
[Round "9"]
[White "Miton,K"]
[Black "Stoma,P"]
[Result "1-0"]
[WhiteElo "2616"]
[BlackElo "2342"]

1.d4 d5 2.c4 c6 3.Nc3 Nf6 4.Nf3 a6 5.c5 Bf5 6.Bf4 Nbd7 7.e3 Nh5 8.Be5 f6
9.Bg3 g5 10.b4 Bg6 11.Bd3 Bg7 12.Qc2 Nf8 13.O-O Qd7 14.a4 Nxg3 15.hxg3 Bxd3
16.Qxd3 Ne6 17.b5 Nc7 18.bxc6 bxc6 19.Rab1 h5 20.Rb7 h4 21.gxh4 g4 22.Nh2 Rxh4
23.Qg6+ Kf8 24.g3 Rh6 25.Qxg4 e6 26.Nf3 Rc8 27.Kg2  1-0

[Event "TCh-HUN 2010-11"]
[Site "Zalaegerszeg HUN"]
[Date "2011.02.20"]
[Round "6"]
[White "Csiszar,C"]
[Black "Bernei,A"]
[Result "1/2-1/2"]
[WhiteElo "2387"]
[BlackElo "2234"]

1.d4 d5 2.Nf3 Nf6 3.c4 c6 4.Nc3 a6 5.c5 g6 6.b4 Bg7 7.Bb2 O-O 8.h3 a5 9.a3 b6
10.e3 Ba6 11.Bxa6 Nxa6 12.Ne5 axb4 13.Nxc6 Qc7 14.axb4 Qxc6 15.b5 Qc8 16.bxa6 Rxa6
17.cxb6 Rxb6 18.Na4 Rc6 19.Ba3 Re8 20.O-O Ne4 21.Qd3 Qa6 22.Qxa6 Rxa6 23.Nc5 Nxc5
24.Bxc5 Rxa1 25.Rxa1 h5 26.g4 hxg4 27.hxg4 g5 28.Kg2 Bf6 29.Ra7 Kg7 30.Kf3 e6
31.Bd6 Rc8 32.Be7 Bxe7  1/2-1/2

[Event "TCh-CAT Div Hon"]
[Site "Barcelona ESP"]
[Date "2011.02.26"]
[Round "5"]
[White "Pomes Marcet,J"]
[Black "Fluvia Poyatos,Joa"]
[Result "1/2-1/2"]
[WhiteElo "2356"]
[BlackElo "2472"]

1.d4 d5 2.c4 c6 3.Nf3 Nf6 4.Nc3 a6 5.e3 b5 6.c5 g6 7.a3 a5 8.Ne5 Bg7 9.Bd3 Bf5
10.Bxf5 gxf5 11.O-O Ne4 12.Nd3 Nd7 13.Ne2 Qc7 14.f3 Nef6 15.Bd2 Nh5 16.Qc2 e6
17.b4 a4 18.Be1 Bh6 19.f4 O-O-O 20.Bh4 Rde8 21.Rf3 Bg7 22.Rh3 Nhf6 23.Bxf6 Nxf6
24.Ne5 h5 25.Nc3 Ng4 26.Rf3 f6 27.Nxc6 Qxc6 28.Qd3 Kd7 29.h3 Nh6 30.Rg3 Rhg8
31.Nxb5 Qa6 32.Qf1 h4 33.Rf3 e5 34.Nc3 Qxf1+ 35.Kxf1 Ng4  1/2-1/2